[Event "DOM-ch (Women)"]
[Site "Santo Domingo"]
[Date "2015.06.13"]
[Round "6"]
[White "Paulino Hidalgo, Genesis"]
[Black "Gerardino Rosario, Clairelina"]
[Result "1/2-1/2"]
[WhiteElo "1712"]
[BlackElo "1553"]
[PlyCount "73"]
[EventDate "2015.06.05"]
[EventType "swiss"]
[EventRounds "6"]
[EventCountry "DOM"]
[SourceTitle "CBM 167 Extra"]
[Source "ChessBase"]
[SourceDate "2015.09.14"]
[SourceVersion "1"]
[SourceVersionDate "2015.09.14"]
[SourceQuality "1"]

1. e4 e5 2. Nf3 Nc6 3. Bc4 Bc5 4. Nc3 d6 5. 0-0 Bg4 6. h3 Bh5 7. Be2 Bg6 8. d3 h6 9. Nd5 Nf6 10. c4 Nxd5 11. cxd5 Nd4 12. Nxd4 Bxd4 13. Qa4+ Ke7 14. Qb3 Rb8 15. Bd2 Re8 16. Rac1 Kf8 17. Bc3 Bb6 18. Qd1 Qh4 19. Bf3 f5 20. Qe2 Kg8 21. Kh1 Rf8 22. Rc2 Rbd8 23. Qe1 Rd7 24. Bd2 Bh5 25. Bxh5 Qxh5 26. f3 Rdf7 27. Be3 Bxe3 28. Qxe3 a6 29. Kh2 b6 30. Qc1 Rc8 31. b4 Qh4 32. Qe1 Qf6 33. Qc3 f4 34. a4 Qg5 35. Qc4 Ra8 36. Qc6 Qd8 37. Rfc1 1/2-1/2